Palmarès de la Bundesliga (Autriche) - Statistiques

Statistiques générales
  • Ce quiz a été pris 17 fois
  • Le résultat moyen est 6 sur 14
Statistiques - réponses
Clubs Titre(s) % Correct
Rapid Vienne 32
100%
Austria Vienne 24
94%
Red Bull Salzbourg 17
82%
Admira Vienne 9
65%
Sturm Graz 4
65%
Linzer ASK 1
47%
First Vienna 6
41%
Hakoah Vienne 1
29%
SK VÖEST Linz 1
29%
Tirol Innsbruck 10
24%
Grazer AK 1
18%
Floridsdorfer 1
6%
Wiener AC 1
6%
Wiener SC 3
6%
Aucun quiz correspondant
Distribution des résultats
% des personnes avec chaque résultat
Percentile par nombre de réponses
Votre historique - résultats
Vous n’avez pas pris ce quiz